| 000 | 00959nam a22002657a 4500 | ||
|---|---|---|---|
| 001 | 7320 | ||
| 003 | FISKH | ||
| 005 | 20250709133006.0 | ||
| 008 | 250709b cb ||||| |||| 00| 0 eng d | ||
| 020 | _a9788120754706 | ||
| 040 |
_aFISKH _beng _cFISKH _dFISKH |
||
| 050 | _aPE1591 .D424 | ||
| 082 | _a428.1 | ||
| 100 | _aDegrie, Eve | ||
| 245 | _aOpposites / | ||
| 260 |
_aNew Delhi : _bSterling, _c2010. |
||
| 300 |
_a10 unnumbered pages : _bcolor illustrations ; _c24 cm |
||
| 505 | _aC | ||
| 520 | _aFor ages 4-8. Baby Bug's ears are up. Baby Lola's are down. Baby Daffy is neat. Baby Taz is messy. This delightful board book illustrated by Drew Rose stars the whole Baby Looney Tunes gang who act out each pair of opposites. Learning has never been this much fun | ||
| 521 | 8 |
_a100
_bLexile estimate |
|
| 521 | 8 |
_aC
_bRaz-Plus |
|
| 650 |
_aOpposites _vBoard Book _xKindergarten _yPreschool |
||
| 942 |
_2ddc _cBK _n0 |
||
| 999 |
_c7320 _d7320 |
||